000 00603pam a2200217 a 4500
001 1950798
005 20180309072855.0
008 871030s1989 nyua 001 0 eng
010 _a 87029839
020 _a0070417156
040 _aDLC
_cDLC
_dDLC
041 _aeng
080 _a541.3076 MET
082 0 0 _a541.3076 MET
_219
100 1 _a12
101 _aKIM
245 1 0 _aSchaum's outline of theory and problems of physical chemistry /
_cby Clyde R. Metz.
740 0 _aTheory and problems of physical chemistry.
906 _a7
_bcbc
_corignew
_d1
_eocip
_f19
_gy-gencatlg
942 _2ddc
_cBK
999 _c44580
_d44580